| 000 | 00362 a2200133 4500 | ||
|---|---|---|---|
| 003 | Nust | ||
| 005 | 20170207154039.0 | ||
| 040 | _cNust | ||
| 100 | _aStudentGuide | ||
| 245 |
_aAdvanced System Administration for the Solaris™ 10 Operating System SA-202-S10 (Ebook) _cStudentGuide |
||
| 260 |
_aU.S.A _bSun Microsystems _c© 2005 |
||
| 300 | _a796p; | ||
| 651 | _a(E-Book) | ||
| 942 |
_2ddc _cBK |
||
| 999 |
_c192529 _d192529 |
||